书目信息 |
| 题名: |
英国经典散文选读与赏析
|
|
| 作者: | 卢小军 , 苏坤 主编 | |
| 分册: | ||
| 出版信息: | 上海 上海交通大学出版社 2020.06 |
|
| 页数: | 160页 | |
| 开本: | 26cm | |
| 丛书名: | ||
| 单 册: | ||
| 中图分类: | I561.076 | |
| 科图分类: | ||
| 主题词: | 散文--san wen--文学欣赏--英国 | |
| 电子资源: | ||
| ISBN: | 978-7-313-23153-6 | |
| 000 | 01197nam0 2200265 450 | |
| 001 | CAL 0120203028085 | |
| 005 | 20200715163959.2 | |
| 010 | @a978-7-313-23153-6@dCNY46.00 | |
| 100 | @a20200715d2020 em y0chiy0120 ea | |
| 101 | 0 | @achi@aeng |
| 102 | @aCN@b310000 | |
| 105 | @aa a 000yy | |
| 106 | @ar | |
| 200 | 1 | @a英国经典散文选读与赏析@Aying guo jing dian san wen xuan du yu shang xi@d= Exploring the selected readings of English classical essays@f主编卢小军, 苏坤@zeng |
| 210 | @a上海@c上海交通大学出版社@d2020.06 | |
| 215 | @a160页@c图@d26cm | |
| 320 | @a有书目 (第1160页) | |
| 330 | @a本书精选了十七世纪初期至二十世纪后期的十篇英国经典散文。这些名篇出自约翰·洛克 (John Locke)、理查德·斯梯尔 (Richard Steel) 等散文名家之手。所选文章或幽默风趣, 或慷慨激昂, 或含蓄内敛, 或雄辩滔滔, 或机智俏皮, 或冷嘲热讽, 或针砭时弊, 或娓娓道来, 皆文采斐然、脍炙人口, 颇具美学价值和思想价值。 | |
| 510 | 1 | @aExploring the selected readings of English classical essays@zeng |
| 606 | 0 | @a散文@Asan wen@x文学欣赏@y英国 |
| 690 | @aI561.076@v5 | |
| 701 | 0 | @a卢小军@Alu xiao jun@4主编 |
| 701 | 0 | @a苏坤@Asu kun@4主编 |
| 801 | 0 | @aCN@b人天书店@c20200715 |
| 905 | @aTSG@b0001265@dI561.076@eL792@f2 | |
| 英国经典散文选读与赏析= Exploring the selected readings of English classical essays/主编卢小军, 苏坤.-上海:上海交通大学出版社,2020.06 |
| 160页:图;26cm |
| ISBN 978-7-313-23153-6:CNY46.00 |
| 本书精选了十七世纪初期至二十世纪后期的十篇英国经典散文。这些名篇出自约翰·洛克 (John Locke)、理查德·斯梯尔 (Richard Steel) 等散文名家之手。所选文章或幽默风趣, 或慷慨激昂, 或含蓄内敛, 或雄辩滔滔, 或机智俏皮, 或冷嘲热讽, 或针砭时弊, 或娓娓道来, 皆文采斐然、脍炙人口, 颇具美学价值和思想价值。 |
| ● |
| 相关链接 |
|
|
|
正题名:英国经典散文选读与赏析
索取号:I561.076/L792
 
预约/预借
| 序号 | 登录号 | 条形码 | 馆藏地/架位号 | 状态 | 备注 |
| 1 | 1536872 | 215368723 | 文学库116/116文学库 19排3列1层/ [索取号:I561.076/L792] | 在馆 | |
| 2 | 1536873 | 215368732 | 文学库116/116文学库 19排3列1层/ [索取号:I561.076/L792] | 在馆 |